000 00604nam a2200205 a 4500
001 19026
003 CO-ViMGA
008 141112s2004 ck r 000 u spa d
020 _a8488876262
040 _aCO-ViMGA
_bspa
_cCO-ViMGA
082 0 4 _a610.7365 J817q
100 1 _aJuarez Sodeman, Anna
_927265
245 1 0 _a500 test comentados de Enfermería Geriatrica
260 _aMadrid :
_bOlalla; 1997
300 _a138 p.
490 _aAutoevaluación en enfermería
590 _aForma de adquisición : Proyecto 2005 - - Precio : 53.100
650 1 4 _aENFERMERIA GERIATRICA
_922050
942 _2ddc
_cBK
999 _c28213
_d28213